Efektívne investovanie finančných prostriedkov bakalárska práca

Guardado en:
Detalles Bibliográficos
Autor principal: Čaklošová, Soňa
Formato: Libro
Lenguaje:eslovaco
Publicado: Bratislava STU FCHPT 2019
Acceso en línea:Ver en el OPAC
Etiquetas: Agregar Etiqueta
Sin Etiquetas, Sea el primero en etiquetar este registro!

MARC

LEADER 00000nam a2200000 a 4500
005 20260127133957.0
008 191025 2019 xo 001 0 slo d
035 |a vtls011896205 
039 9 |y 201910251224  |z mschk03 
040 |a STUSCHK1  |b slo  |c STUSCHK1  |e AACR2 
100 1 |a Čaklošová, Soňa 
245 1 |a Efektívne investovanie finančných prostriedkov  |b bakalárska práca  |c Soňa Čaklošová 
260 |a Bratislava  |b STU FCHPT  |c 2019 
300 |a 47 s.  |b Obr., tab., grafy 
500 |a Študijný program: automatizácia, informatizácia a manažment v chémii a potravinárstve 
500 |a Študijný odbor: automatizácia, priemyselné inžinierstvo 
500 |a Školiace pracovisko: ÚM- Oddelenie manažmentu chemických a potravinárskych technológií 
500 |a Evid. číslo: FCHPT-113709-76934 
910 |a SCHK95 
999 |c 1326  |d 1326